Partido Acción Nacional : la lucha por la democracia : 1939-2000 /

I tiakina i:
Ngā taipitopito rārangi puna kōrero
Kaituhi matua: Beltrán del Río, Salvador (coordinación)
Ētahi atu kaituhi: Chávez Barrón, Héctor (texto) (texto), Ceballos Guzmán, José Gerardo (investigación) (investigación), Bravo Mena, Luis Felipe (presentación) (presentación)
Hōputu: Pukapuka
Reo:Pāniora
I whakaputaina: México : Partido Acción Nacional, 2000, c2000
Ngā Tūtohu: Tāpirihia he Tūtohu
Kāore He Tūtohu, Me noho koe te mea tuatahi ki te tūtohu i tēnei pūkete!

MARC

LEADER 00000nam^a2200000^a^4500
001 000575743
005 20250521000000.0
009 20260310132415.439
020 |a 968-6520-51-1 
037 |a Acervo ITESO - Biblioteca 
041 |a ESP 
091 |a FGM. 05607 
100 |a Beltrán del Río, Salvador  |e (coordinación) 
245 1 0 |a Partido Acción Nacional :  |b la lucha por la democracia : 1939-2000 / 
264 4 |a México :  |b Partido Acción Nacional,  |c 2000, c2000 
300 |a 157 p. 
336 |a texto  |b txt  |2 rdacontenido 
337 |a sin mediación  |b n  |2 rdamedio 
338 |a volumen  |b nc  |2 rdasoporte 
649 |a XX 
700 |a Chávez Barrón, Héctor  |e (texto) 
700 |a Ceballos Guzmán, José Gerardo  |e (investigación) 
700 |a Bravo Mena, Luis Felipe  |e (presentación) 
910 |a Fondo Efraín González Morfín 
920 |a Impresos - Libros 
930 |a Fondos Especiales 
905 |a 130 
901 |a 0900072002  |b IT2  |c ESL  |i D95072  |u 20250521 
902 |a https://opac.biblio.iteso.mx/vufind/Record/000575743